LEADER 01118nam a2200241 i 4500 001 000000167872 003 CaOOAMICUS 005 20071211000000.0 008 071211s1980 sp u000 u mul u 013 $a145272 040 $aSeMil$bita 100 1 $aRodriguez-Aguilera, Cesareo.$0(OLS)http://semarc/name/63079 245 10$aAligi Sassu :$bObras gráficas y pinturas : 1929-1979 /$c[Testo di Cesareo Rodriguez-Aguilera ]. 260 $aMadrid :$bCentro Cultural de la Villa,$c1980. 300 $a1 v. :$b[1] ritratto :$briccamente ill. ;$c21x23 cm. 500 $aContiene : Note biografiche. - Testo anche in italiano. - Mostra tenuta a Madrid. - Fondo Card. Giovanni Colombo. 700 1 $aSassu, Aligi$b<1912-2000>.$0(OLS)http://semarc/name/18350 850 $aSeMil 852 $aSeMil$W1$xVenegono$y1$m5X VI 39$j119008$B119008$CSeMilBibl$Z2$F129916 $81 941 1 $a3 961 $aLascito: Colombo Card. Giovanni 996 $6245$aAligi Sassu :$bObras gráficas y pinturas : 1929-1979$9(OLS)http://semarc/title/240198 996 $6260$aMadrid :$bCentro Cultural de la Villa$9(OLS)http://semarc/publisher/48724 LEADER 00878nam a2200205 i 4500 001 000000179413 003 CaOOAMICUS 005 20250901140406.0 008 090513s1982 xxk u000 u mul u 040 $aSeMil$bita 245 10$a1: The acharnians ; The knights ; The clouds ; The wasps. 300 $aXVI, 554 p. 490 1 $aThe Loeb Classical Library ;$v178 773 0 $aAristophanes <445-385 a.C.>$tAristophanes.$dCambridge, Massachusetts : Harvard University Press ; London : Heinemann, 1979-1982.$g1$w()21311 830 4$aThe Loeb Classical Library ;$v178.$0(OLS)http://semarc/title/26868 850 $aSeMil 852 $aSeMil$W1$xVenegono$y1$m1Y II 52/1$j261189$B130175$CSeMilBibl$Z2$F141669 $81 961 $aOmaggio: Villa don Cesare 996 $6245$a1: The acharnians ; The knights ; The clouds ; The wasps$9(OLS)http://semarc/title/257597 LEADER 01400nam a2200313 i 4500 001 000000105204 003 CaOOAMICUS 005 20200304101407.0 008 020214s1995 it u000 u ita u 013 $a77393 020 $a88-343-3975-4 040 $aSeMil$bita 240 10$aSippenhaft.$0(OLS)http://semarc/title/152343 245 14$aUna piccola luce :$blettere della famiglia Scholl dal carcere nazista /$ca cura di Inge Aicher-Scholl. 260 $aMilano :$bVita e Pensiero,$c1995. 300 $a171 p. ;$c23 cm 490 1 $aParalleli 500 $aContiene : Tavola cronologica ; Notizie biografiche. 650 4$aAntinazismo - Germania - Fonti epistolari.$0(OLS)http://semarc/subject/48724 650 4$aEpistolari.$0(OLS)http://semarc/subject/1376 650 4$aGuerra mondiale <1939-1945> - Germania.$0(OLS)http://semarc/subject/1212 700 1 $aAicher-Scholl, Inge.$0(OLS)http://semarc/name/44373 830 0$aParalleli.$0(OLS)http://semarc/title/5967 850 $aSeMil 852 $aSeMil$W1$xVenegono$y1$m3V III 245$j219057$B230850$CSeMilBibl$Z2$F230850 $81 996 $6020$a88-343-3975-4$9(OLS)http://semarc/number/85223 996 $6245$aUna piccola luce :$blettere della famiglia Scholl dal carcere nazista$9(OLS)http://semarc/title/152342 996 $6260$aMilano :$bVita e Pensiero$9(OLS)http://semarc/publisher/29642